000 00533nam a2200193Ia 4500
008 210303s9999 xx 000 0 und d
016 _2reto2022b
020 _a2738465544
040 _aNLN
_bEnglish
_eAACR2
050 _aPQ2662.B761
_bV487
082 _a840.8
100 _aBOUKMAN, Daniel
_d1936
_eaut
_944300
245 0 _aVentres pleins, ventures creux /
_cDaniel Boukman
260 _aParis :
_bPierre Jean Oswald,
_c1971.
300 _a92p. ;
_b[?]cm.
563 _a(pbk)
650 _aFrench literature
_930639
942 _cBK
999 _c22805
_d22805